000 00621nam a2200229Ia 4500
003 OSt
005 20230427121052.0
008 210423s2011 xx 000 0 und d
020 _a9781441926746
040 _cAL
041 _aeng
082 _a005.82
_223
_bHOFJ
100 _aHOFFSTEIN (JeffreY);others
_993993
245 _aIntroduction to mathematical cryptography
260 _aNew Delhi
_bSpringer Pvt Ltd
_c2011
300 _aix,523
_bPB
365 _cINR
650 _aComputer Programming
_993994
650 _aGeneral
_993995
906 _acryptography ; Introduction ; mathematical
942 _2ddc
_cBK
999 _c161197
_d161197